000 00708cab a2200229 4500
001 ABS58750
008 090401t1998 xxu||||| |||| 00| 0 eng d
035 _a(Sirsi) u86370
041 _aeng
245 _aVestige of empire
260 _c1998
350 _a0
490 _aEstates Gazette
_v(9818) 2 May 1998, 125-127(3)
520 _aExplains the organisation and role of the Judicial Committee of the Privy Council, offering legal advice and rulings to the ever dwindling number of British Colonies.
650 _aCOMMONWEALTH
650 _aJUDICIAL COMMITTEE OF THE PRIVY COUNCIL
650 _aLEGAL SYSTEM
650 _aPRIVY COUNCIL
690 _aLAW
942 _n0
948 _c22/05/1998
999 _c54358
_d54358